000 00288nam a2200109Ia 4500
008 220204s9999 xx 000 0 und d
082 _a351.824.11(548.3)
_bKER
245 0 _aConditions of supply of electrical energy
260 _aKerala
_bKSEB
650 _aElectricity supply
942 _cBK
999 _c23225
_d23225